000
00277nam a2200109Ia 4500
005
20251222143230.0
008
251222s9999||||xx |||||||||||||| ||spa||
082
_a
372.65/C77
245
0
_a
Idiomas Extranjeros: Lineamientos Curriculares
264
_b
Magisterio
942
_c
LIB
999
_c
14158
_d
14158